Statistics for Star Wars characters by quote (TCW)

Click here to take the quiz!

General Stats

  • This quiz has been taken 48 times
  • The average score is 11 of 19

Answer Stats

QuoteCharacter% Correct
I hope you at least told Padmé I said hello.Obi-Wan Kenobi
100%
Smaller in number are we, but greater in mind.Yoda
100%
I hate Hutts.Anakin Skywalker
91%
I'm _______ ___ but you'll call me Captain or Sir.Captain Rex
74%
Hello there.General Grievous
74%
They may be willing to die, but I am not the one who is going to kill them.Ahsoka Tano
71%
They are devious and deceitful and most importantly stupid.Count Dooku
66%
Insulence hah. We are pirates. We don't even know what that means.Hondo Ohnaka
63%
If it isn't Skywalkers filthy obnoxious little petAsajj Ventress
60%
And I shall complete your training. Not as your but as your master.Darth Maul
57%
I'm not just another number! None of us are!Fives
54%
Only the chosen one could tame both my children.The Father
51%
To me you've always had a name.99
49%
We dont usually work with regs.Crosshair
46%
Hmm, what do you know. All clear. Just like the last 100 times I looked.Hevy
37%
Arrrrrrgh!Chewbacca
29%
You dare to attack a Jedi?Pong Krell
29%
We will all perish for the glory of the seperatist alliance.Watt Tambor
9%
Thats a lot of smoke for a surrender.King Katuunko
3%

Score Distribution

Percentile by Number Answered

Percent of People with Each Score

Your Score History

You have not taken this quiz